Loading...
| Literature - European | 0 | 3 | 1 | 1 | 25 | 74 | 103.00 | 0 | 1 | 7.81 | 20.00 |
| Philosophy | 0 | 2 | 0 | 0 | 20 | 82 | 100.00 | 1 | 1 | 3.43 | 10.00 |
| History - European | 0 | 2 | 0 | 2 | 20 | 117 | 121.50 | 0 | 0 | 0.00 | 2.50 |
| Science - Physics | 0 | 2 | 0 | 0 | 20 | 48 | 56.00 | 0 | 1 | 10.37 | 13.33 |
| Literature - World | 0 | 3 | 2 | 0 | 20 | 46 | 62.67 | 0 | 2 | 17.02 | 22.27 |
| Literature - British | 0 | 2 | 1 | 0 | 15 | 96 | 105.00 | 0 | 1 | 5.32 | 14.17 |
| Literature - American | 0 | 2 | 1 | 0 | 15 | 55 | 63.50 | 1 | 2 | 11.10 | 18.33 |
| Science - Biology | 0 | 1 | 0 | 0 | 10 | 100 | 100.00 | 0 | 0 | 1.23 | 5.00 |
| Fine Arts - Classical Music | 0 | 1 | 0 | 0 | 10 | 113 | 113.00 | 0 | 0 | 1.31 | 3.33 |
| Fine Arts - Painting and Sculpture | 0 | 1 | 0 | 0 | 10 | 105 | 105.00 | 0 | 0 | 1.18 | 2.50 |
| Other Academic | 0 | 1 | 0 | 0 | 10 | 88 | 88.00 | 0 | 0 | 8.70 | 10.42 |
| Science - Chemistry | 0 | 1 | 0 | 0 | 10 | 46 | 46.00 | 1 | 1 | 5.45 | 9.17 |
| Social Science | 0 | 0 | 1 | 0 | -5 | 0.00 | 0 | 0 | 0.00 | 0.00 | |
| History - Other | 0 | 0 | 1 | 0 | -5 | 0.00 | 0 | 0 | 0.00 | 0.00 | |
| Mythology | 0 | 0 | 1 | 0 | -5 | 0.00 | 0 | 0 | 0.00 | 0.00 | |
| Science - Other | 0 | 0 | 1 | 0 | -5 | 0.00 | 0 | 0 | 0.00 | 0.00 | |
| Current Events | 0 | 0 | 1 | 0 | -5 | 0.00 | 0 | 0 | 0.00 | 0.00 |